00523 2200181 4500001002100000005001500021035002000036008004100056245004800097100002000145260003800165300001900203020002200222084002000244082001000264650004700274990002000321INLIS00000000000792720260424031137 a0010-0426000115260424 0 ind 1 a1000 Mindset Orang Sukses /cLuthfi Subagio aSubagio, Luthfi aYogyakarta :bIndoliterasi,c2014 a368 ;c19 x 13 a978-602-1129-01-2 a158.1 SUB 1 C.1 a158.1 4aPerbaikan Pribadi, Penghidupan yang Sukses a260311200011267